<?xml version="1.0" encoding="UTF-8"?>
<record
    xmlns:xsi="http://www.w3.org/2001/XMLSchema-instance"
    xsi:schemaLocation="http://www.loc.gov/MARC21/slim http://www.loc.gov/standards/marcxml/schema/MARC21slim.xsd"
    xmlns="http://www.loc.gov/MARC21/slim">

  <leader>01960nam a2200349 a 4500</leader>
  <controlfield tag="001">000000361651</controlfield>
  <controlfield tag="003">IT-MiSPE</controlfield>
  <controlfield tag="005">20200828113252.0</controlfield>
  <controlfield tag="008">080609s2007    it            001 0 ita d</controlfield>
  <datafield tag="020" ind1=" " ind2=" ">
    <subfield code="a">9788870946918</subfield>
    <subfield code="c">28.00 EUR</subfield>
  </datafield>
  <datafield tag="040" ind1=" " ind2=" ">
    <subfield code="a">PUG</subfield>
    <subfield code="b">ita</subfield>
    <subfield code="d">ip</subfield>
    <subfield code="c">IT-MiSPE</subfield>
  </datafield>
  <datafield tag="041" ind1="1" ind2=" ">
    <subfield code="a">ita</subfield>
    <subfield code="a">lat</subfield>
  </datafield>
  <datafield tag="082" ind1=" " ind2=" ">
    <subfield code="a">270.008-TER di (axa 23250)</subfield>
  </datafield>
  <datafield tag="084" ind1=" " ind2=" ">
    <subfield code="a">33 F</subfield>
  </datafield>
  <datafield tag="100" ind1="1" ind2=" ">
    <subfield code="a">Tertullianus, Quintus Septimius Florens,</subfield>
    <subfield code="d">circa 160-circa 225.</subfield>
    <subfield code="9">58347</subfield>
  </datafield>
  <datafield tag="240" ind1="1" ind2="0">
    <subfield code="a">Apologeticum.</subfield>
    <subfield code="l">Latino e italiano</subfield>
  </datafield>
  <datafield tag="245" ind1="1" ind2="0">
    <subfield code="a">Difesa del Cristianesimo "Apologeticum" /</subfield>
    <subfield code="c">testo critico di CCL 1 (E. Dekkers) ; introduzione Marta Sordi, Attilio Carpin, Moreno Morani ; traduzione, apparati, appendice Attilio Carpin ; note al testo Marta Sordi.</subfield>
  </datafield>
  <datafield tag="260" ind1=" " ind2=" ">
    <subfield code="a">Roma :</subfield>
    <subfield code="b">Edizioni San Clemente  ;</subfield>
    <subfield code="a">Bologna :</subfield>
    <subfield code="b">Edizioni Studio Domenicano,</subfield>
    <subfield code="c">2008.</subfield>
  </datafield>
  <datafield tag="300" ind1=" " ind2=" ">
    <subfield code="a">439 p. ;</subfield>
    <subfield code="c">22 cm</subfield>
  </datafield>
  <datafield tag="490" ind1="1" ind2=" ">
    <subfield code="a">I talenti ;</subfield>
    <subfield code="v">001</subfield>
  </datafield>
  <datafield tag="504" ind1=" " ind2=" ">
    <subfield code="a">Contiene riferimenti bibliografici e indici</subfield>
  </datafield>
  <datafield tag="520" ind1=" " ind2=" ">
    <subfield code="a">L'Apologeticum &#xE8; l'indiscusso capolavoro di Tertulliano, una delle opere pi&#xF9; significative della letteratura latina. Tertulliano mostra l'ingiustizia dei processi e delle condanne inferte ai cristiani, difende la fede cristiana in nome della libert&#xE0; religiosa, evidenzia il bene che il cristianesimo apporta all'umanit&#xE0;. In definitiva &#xE8; un invito a scoprire la bellezza della verit&#xE0; cristiana che rende pienamente umana la vita, anzi umano-divina; un invito ad arrendersi alla grazia salvifica di Cristo.</subfield>
  </datafield>
  <datafield tag="546" ind1=" " ind2=" ">
    <subfield code="a">Traduzione italiana con testo latino a fronte</subfield>
  </datafield>
  <datafield tag="655" ind1=" " ind2="7">
    <subfield code="a">Patrologia latina (eccetto Augustinus, Aurelius, s.)</subfield>
    <subfield code="x">Tertullianus, Quintus Septimius Florens, ca.160-ca.225.</subfield>
    <subfield code="2">local</subfield>
    <subfield code="9">58348</subfield>
  </datafield>
  <datafield tag="700" ind1="1" ind2=" ">
    <subfield code="a">Sordi, Marta,</subfield>
    <subfield code="d">1925-2009</subfield>
    <subfield code="e">ed.</subfield>
    <subfield code="9">58349</subfield>
  </datafield>
  <datafield tag="700" ind1="1" ind2=" ">
    <subfield code="a">Morani, Moreno,</subfield>
    <subfield code="d">1946-,</subfield>
    <subfield code="e">pr.</subfield>
    <subfield code="9">58350</subfield>
  </datafield>
  <datafield tag="700" ind1="1" ind2=" ">
    <subfield code="a">Carpin, Attilio,</subfield>
    <subfield code="c">o.p.,</subfield>
    <subfield code="e">ed.</subfield>
    <subfield code="9">58351</subfield>
  </datafield>
  <datafield tag="830" ind1=" " ind2="2">
    <subfield code="a">I talenti ;</subfield>
    <subfield code="v">001.</subfield>
    <subfield code="9">58352</subfield>
  </datafield>
  <datafield tag="942" ind1=" " ind2=" ">
    <subfield code="2">ddc</subfield>
    <subfield code="c">BK</subfield>
  </datafield>
  <datafield tag="999" ind1=" " ind2=" ">
    <subfield code="c">358831</subfield>
    <subfield code="d">358831</subfield>
  </datafield>
  <datafield tag="952" ind1=" " ind2=" ">
    <subfield code="0">0</subfield>
    <subfield code="1">0</subfield>
    <subfield code="2">ddc</subfield>
    <subfield code="4">0</subfield>
    <subfield code="6">270_000000000000000_008TER_DI_AXA_23250</subfield>
    <subfield code="7">1</subfield>
    <subfield code="a">CINISELLO</subfield>
    <subfield code="b">CINISELLO</subfield>
    <subfield code="d">2020-08-28</subfield>
    <subfield code="l">0</subfield>
    <subfield code="o">270.008-TER di (axa 23250)</subfield>
    <subfield code="p">9788870946918</subfield>
    <subfield code="r">2020-08-28 00:00:00</subfield>
    <subfield code="w">2020-08-28</subfield>
    <subfield code="y">BK</subfield>
  </datafield>
</record>
